Poznań University of economics review

Saved in:
Bibliographic Details
Format: Serial
Language:Polish
Published: Poznań Akademia Ekonomiczna Poznań
Subjects:
Tags: Add Tag
No Tags, Be the first to tag this record!

MARC

LEADER 00000nas1a2200000$$$4500
001 0006138
005 20250708112325.7
022 |a 1643-5877 
041 0 |a pol 
044 |a PL 
245 1 0 |a Poznań University of economics review 
264 1 |a Poznań  |b Akademia Ekonomiczna Poznań 
610 2 0 |a teórie ekonomické 
610 2 0 |a veda ekonomická